01358cam a22003854i 4500003000900000005001700009008004100026020001500067035001900082040003300101041001300134082001900147082002000166100003900186245006200225264003000287300003600317336002100353337002500374338002300399505037900422526001000801526001000811526001000821526001000831526000800841526000800849526000800857526000800865526000800873526000800881526000800889534005500897650002000952PE-LiUPU20250731173246.0150625s1993 xxu rb 000 0 d a0789910802 a(Sirsi) a35462 aPE-LiUPUbspacPE-LiUPUerda aspaheng04a234.2bD8522104a234.2bD85 19931 aDobson, James C.,d1936- ,eautor.10aCuando lo que Dios hace no tiene sentido /cJames Dobson. 1aUSA :bEd. Unilit,c1993. a274 páginas ;c22 centimetros atext2rdacontent aunmediated2rdamedia avolume2rdacarrier0 aCuando lo que Dios hace no tiene sentido.-La barrera de la traición.-Lo que Dios hace tiene sentido aun cuando no lo tenga para nosotros.- Aceptación o desesperación.- "Puedes librarnos..Y si no".-Preguntas y respuestas.-El principio de la adversidad.-La fe debe ser firme.-La paga del pecado.-Más preguntas y respuestas.-Más allá de la barrera de la traición. aSEG42 aSEG41 aSEG40 aSEG39 aP94 aP87 aP86 aP85 aP77 aP76 aP35 pTítulo original :tWhen god doesn´t make sense.04aVida cristiana.